000 00287nam a22001217a 4500
999 _c4513
_d4513
008 250226b ||||| |||| 00| 0 eng d
020 _a9780141193663
082 _a823.93 DIC
100 _aDICKENS,CHARLES
_eAUTHOR
245 _aA CHRISTMAS CAROL
260 _bPENGUIN GROUP
942 _2ddc